<?xml version="1.0" encoding="UTF-8"?>
<marc:record xmlns:marc="http://www.loc.gov/MARC21/slim">
   <marc:leader>00000nam a2200000 a 4500</marc:leader>
   <marc:datafield ind1="1" ind2=" " tag="100">
      <marc:subfield code="a">Bergmann, Renate</marc:subfield>
      <marc:subfield code="4">aut</marc:subfield>
      <marc:subfield code="e">Verfasser/-in</marc:subfield>
   </marc:datafield>
   <marc:datafield ind1=" " ind2=" " tag="653">
      <marc:subfield code="a">Humor</marc:subfield>
   </marc:datafield>
   <marc:datafield ind1="0" ind2="0" tag="245">
      <marc:subfield code="a">Dann lassen wir eben die Heizdecke weg!</marc:subfield>
   </marc:datafield>
   <marc:datafield ind1=" " ind2="1" tag="264">
      <marc:subfield code="b">Ullstein-Taschenbuchverl.</marc:subfield>
      <marc:subfield code="c">2022</marc:subfield>
   </marc:datafield>
   <marc:datafield ind1="1" ind2=" " tag="490">
      <marc:subfield code="a">Die Online-Omi</marc:subfield>
   </marc:datafield>
   <marc:datafield ind1="1" ind2=" " tag="520">
      <marc:subfield code="a">Klappentext: Das rechnet sich auf Dauer! »Sparen ist ein bisschen aus der Mode gekommen, aber doch eine Tugend. Ich sage Ihnen: Sparen Sie in der Zeit, so haben Sie in der Not. Man kann an so vielen Dingen sparen: Strom, Benzin, Geld, Nerven à und manche könnten es sich auch sparen, zu allem ihren Senf dazu zu geben. Jedenfalls müssen wir ja alle gucken, wie wir mit unseren paar Kröten zurechtkommen, und wissen Se, wo jetzt der Strom teurer wird als Zahngold, habe ich ein paar Tipps und Ideen für Sie aufgeschrieben, wie man sparsam über den Monat kommt und dabei auch Gutes für das Klima tut.« Renate Bergmann verrät die besten Tricks, um Heizkosten, Strom und bares Geld zu sparen - jeden Tag ein bisschen, da kommt so mancher Euro zusammen!  Über den Autor und weitere Mitwirkende RENATE BERGMANN, geb. Strelemann, 82, lebt in Berlin-Spandau. Sie war Trümmerfrau, Reichsbahnerin und hat vier Ehemänner überlebt. Renate Bergmann ist Haushalts-Profi und Online-Omi. Ihre riesige Fangemeinde freut sich täglich über ihre Tweets und Lebensweisheiten im »Interweb« - und über jedes neue Buch.  TORSTEN ROHDE, Jahrgang 1974, hat in Brandenburg/Havel Betriebswirtschaft studiert und als Controller gearbeitet. Sein Twitter-Account @RenateBergmann entwickelte sich zum Internet-Phänomen. Es folgten mehrere Bestseller unter dem Pseudonym Renate Bergmann und neuerdings auch unter Günter Habicht.</marc:subfield>
   </marc:datafield>
   <marc:datafield ind1=" " ind2=" " tag="020">
      <marc:subfield code="a">9783548064789</marc:subfield>
      <marc:subfield code="9">9783548064789</marc:subfield>
   </marc:datafield>
</marc:record>
